| 000 | 00585cam a2200205 a 4500 | ||
|---|---|---|---|
| 020 | _a0080273831 (pbk.) | ||
| 020 | _a0080273823 (hard) | ||
| 040 | _cDLC | ||
| 082 | 0 | 0 | _a581 PER 1982 A063 Or. |
| 245 | 0 | 0 | _aTechniques in bioproductivity and photosynthesis / |
| 250 | _a1st ed. | ||
| 260 |
_aOxford ; _aNew York : _bPergamon Press, _c1982. |
||
| 300 |
_axix, 171 p. : _bill. ; _c25 cm. |
||
| 650 | 0 | _aPrimary productivity (Biology) | |
| 650 | 0 | _aPhotosynthesis | |
| 700 | 1 | _aCoombs, J. | |
| 700 | 1 | _aHall, D. O. | |
| 710 | 2 | _aUnited Nations Environment Programme. | |
| 942 | _cEK | ||
| 999 |
_c15423 _d15423 |
||